000 00681nam a2200289Ia 4500
005 20260324150049.0
008 008 260324s9999 xx 000 0 eng d
020 _a9781003270256
037 _aEBOOK
040 _aCRL
040 _beng
040 _cCRL
041 _2eng
041 _aeng
084 _qCRL
100 _aHamish Fraser
_91225135
245 0 _aTrade Unions and Society
245 4 _bThe Struggle for Acceptance, 1850-1880
260 _bTaylor and Francis
260 _c1974
365 _a
365 _b170
856 _uhttp://www.taylorfrancis.com/books/9781003270256
942 _cEBOOK
999 _c1833962
_d1833962